| 000 | 00710nam a2200277 a 4500 | ||
|---|---|---|---|
| 003 | AR-BaBNM | ||
| 005 | 20251128204050.0 | ||
| 008 | 082120s2002 ||||||||||||||000 | spa|| | ||
| 020 | _a950-40-0037-1 | ||
| 040 | _cAR-BaBNM | ||
| 100 | 1 | _aRulfo, Juan | |
| 245 | 0 | 0 | _aAntología personal |
| 260 |
_aMadrid _bAlianza Editorial _c1988 |
||
| 300 | _a158 p. | ||
| 490 | 0 |
_aSección literatura _vv. 17 |
|
| 650 | 4 | _aLITERATURA MEXICANA | |
| 650 | 4 | _aLITERATURA LATINOAMERICANA | |
| 650 | 4 | _aNOVELAS | |
| 650 | 4 | _aLITERATURA DE FICCION | |
| 650 | 4 | _aANTOLOGIAS | |
| 653 | _aLITERATURA FANTASTICA | ||
| 655 | _aLITERATURA | ||
| 700 | 1 |
_aRuffinelli, Jorge _eprologuista |
|
| 942 | _cBK | ||
| 998 | _cisola | ||
| 999 |
_c6027 _d6027 |
||